Normal view
MARC view
- Bair, Sheila
Entry Personal Name
001 - CONTROL NUMBER
- control field: 133415
003 - CONTROL NUMBER IDENTIFIER
- control field: NUST
005 - DATE AND TIME OF LATEST TRANSACTION
- control field: 20260224110932.0
008 - FIXED-LENGTH DATA ELEMENTS
- fixed length control field: 260224|| aca||aabn | a|a d
040 ## - CATALOGING SOURCE
- Original cataloging agency: NUST
- Transcribing agency: NUST
100 ## - HEADING--PERSONAL NAME
- Personal name: Bair, Sheila
670 ## - SOURCE DATA FOUND
- Source citation: Work cat.: (NUST): Bair, Sheila., Bull by the Horns: Fighting to Save Main Street from Wall Street and Wall Street from Itself / , 2012.
